Prírastok v skupine Hermes plus

Vznik a činnosť directmarketingovej agentúry Hermes plus. Spolupráca s dcérskou firmou v Česku Face of Alice v oblasti sales promotion a Public relations. Podpora predaja produktu Cherry Coke.

Gespeichert in:
Bibliographische Detailangaben
Format: Buchkapitel
Sprache:Slowakisch
Schlagworte:
Tags: Tag hinzufügen
Keine Tags, Fügen Sie das erste Tag hinzu!

MARC

LEADER 00000naa a2200000 4500
001 r026077
005 20230922094446.0
041 0 |a slo 
044 |a SK 
245 1 0 |a Prírastok v skupine Hermes plus 
520 |a Vznik a činnosť directmarketingovej agentúry Hermes plus. Spolupráca s dcérskou firmou v Česku Face of Alice v oblasti sales promotion a Public relations. Podpora predaja produktu Cherry Coke. 
610 2 0 |a marketing 
610 2 0 |a práca s verejnosťou 
610 2 0 |a podpora predaja 
610 2 0 |a firmy 
610 2 0 |a Hermes plus, s.r.o. Bratislava 
610 2 0 |a nápoje nealkoholické